000 00689nam a22001815i 4500
001 176752
003 ES-MaACL
005 20230906220155.0
008 110207s1990 sp |||| | spa d
020 _a84-600-7398-X
080 _a94(460.27 Alcalá de Henares)"16"
245 0 0 _aAnnales complutenses
_b: sucesión de tiempos desde los primeros fundadores griegos hasta estos nuestros que corren /
_cedición de Carlos Sáez.
260 _aAlcalá de Henares :
_bInstitución de Estudios Complutenses (CSIC),
_c1990.
300 _a679, [6] p. ;
_c24 cm.
651 4 _aAlcalá de Henares-
_xHistoria-
_yS.XVII.
_9145067
700 0 _aSáez, Carlos.
_9101348
852 _aES-MaACL
_jE-14212
999 _c176752
_d176752